000
00307 a2200133 4500
020
_a
969519110x
090
_c
5827
_d
5827
100
_a
Toshihiko Izutsu
245
_a
Sufism and Taoism
260
_a
lahore
_b
Suhail Academy
_c
2005
300
_a
493 p.
500
_a
Hardcover
942
_a
NBS
_c
BK
_k
297.4 IZU
999
_c
348225
_d
348225